Statistics for Math Multiplication Problems (Integers 0 - 15)

Click here to take the quiz!

General Stats

  • This quiz has been taken 890 times
  • The average score is 10 of 10

Answer Stats

ProblemAnswer% Correct
7 x 5 =35
100%
6 x 7 =42
99%
2 x 4 =8
99%
1 x 9 =9
99%
4 x 4 =16
98%
14 x 8 =112
97%
4 x 13 =52
97%
7 x 13 =91
97%
12 x 15 =180
96%
15 x 15 =225
95%

Score Distribution

Percentile by Number Answered

Percent of People with Each Score

Your Score History

You have not taken this quiz